00420 2200157 4500001002100000008004100021035002000062245005700082100002000139260002500159300002200184020002200206084001400228082000800242990001200250INLIS000000000002816 IND  a0010-0925000163 aJadikan Aku Malaikat Kecil-Mu TuhancEdelweis Almira aEdelweis Almira aJakartabZettuc2019 a170c(13 x 19 cm) a978-602-0735-00-9 a813 EDE j a813 a0755038